BIBLIOTECA “JULIO CORTÁZAR”
ESCUELA AGROTÉCNICA “LIBERTADOR GENERAL SAN MARTÍN” - UNR – CASILDA

Logo Escuela Logo UNR

Volvamos al Campo. (Record no. 804)

MARC details
000 -LEADER
campo de control de longitud fija 00903nam#a22003135a#4500
001 - NÚMERO DE CONTROL
campo de control 804
008 - DATOS DE LONGITUD FIJA--INFORMACIÓN GENERAL
campo de control de longitud fija 090219s2006####xx#a###g#f####001#0#spa#d
080 ## - NÚMERO DE LA CLASIFICACIÓN DECIMAL UNIVERSAL
Número de la Clasificación Decimal Universal 636.4
084 ## - OTRO NÚMERO DE CLASIFICACIÓN
Número de clasificación M22
040 ## - FUENTE DE CATALOGACIÓN
Centro catalogador/agencia de origen AR-ClEAG
Centro/agencia transcriptor AR-ClEAG
005 - FECHA Y HORA DE LA ÚLTIMA TRANSACCIÓN
campo de control 20241107184648.0
003 - IDENTIFICADOR DE NÚMERO DE CONTROL
campo de control AR-ClEAG
110 2# - ENTRADA PRINCIPAL--NOMBRE DE ENTIDAD CORPORATIVA
Nombre de entidad corporativa o nombre de jurisdicción como elemento de entrada Grupo Latino.
245 10 - MENCIÓN DEL TÍTULO
Título Volvamos al Campo.
Nombre de parte o sección de la obra Manual de Explotación y Reproducción en Porcinos /
Mención de responsabilidad, etc. Grupo Latino.
250 ## - MENCION DE EDICION
Mención de edición 1ª ed.
260 ## - PUBLICACIÓN, DISTRIBUCIÓN, ETC.
Lugar de publicación, distribución, etc. Colombia :
Nombre del editor, distribuidor, etc. Grupo Latino,
Fecha de publicación, distribución, etc. 2006.
300 ## - DESCRIPCIÓN FÍSICA
Extensión 638 p. :
Otras características físicas il. + 1 CD-ROM Navegador ;
Dimensiones 27 cm.
653 ## - TÉRMINO DE INDIZACIÓN--NO CONTROLADO
Término no controlado Anatomía del cerdo
653 ## - TÉRMINO DE INDIZACIÓN--NO CONTROLADO
Término no controlado Fisiología del cerdo
653 ## - TÉRMINO DE INDIZACIÓN--NO CONTROLADO
Término no controlado Razas porcinas
653 ## - TÉRMINO DE INDIZACIÓN--NO CONTROLADO
Término no controlado Reproducción
653 ## - TÉRMINO DE INDIZACIÓN--NO CONTROLADO
Término no controlado Instalaciones porcinas
653 ## - TÉRMINO DE INDIZACIÓN--NO CONTROLADO
Término no controlado Construcciones porcinas
653 ## - TÉRMINO DE INDIZACIÓN--NO CONTROLADO
Término no controlado Manejo de cerdos
653 ## - TÉRMINO DE INDIZACIÓN--NO CONTROLADO
Término no controlado Nutrición en porcinos
653 ## - TÉRMINO DE INDIZACIÓN--NO CONTROLADO
Término no controlado Alimentación en porcinos
653 ## - TÉRMINO DE INDIZACIÓN--NO CONTROLADO
Término no controlado Enfermedades de porcinos
942 ## - ELEMENTOS DE ENTRADA SECUNDARIOS (KOHA)
Tipo de ítem Koha Libros
980 ## - EQUIVALENCIA O REFERENCIA-CRUZADA-MENCIÓN DE SERIE--NOMBRE DE PERSONA/TÍTULO [LOCAL, CANADÁ]
Enlace 2
Nombre de persona Evangelina Gallicchio
Enlace entre campo y número de secuencia 2
Información miscelánea Evangelina Gallicchio
Holdings
Estatus retirado Estado de pérdida Fuente del sistema de clasificación o colocación Estado de daño No para préstamo Biblioteca de origen Biblioteca actual Ubicación en estantería Fecha de adquisición Número de inventario Total de préstamos Signatura topográfica completa Código de barras Visto por última vez Precio de reemplazo Tipo de ítem Koha
    Clasificación decimal universal     Julio Cortázar Julio Cortázar   07/11/2024 3606   R13 636.4 M22 1 Ej.1 3606 07/11/2024 07/11/2024 Libros

Contacto

Biblioteca Julio Cortázar. Escuela Agrotécnica "Libertador San Martín". Universidad Nacional de Rosario
Dirección: Ov. Lagos 1000 - 2170 Casilda - Santa Fe - Argentina
Tel: (54) (03464) 422226.
Fax: (54) (03464) 427789.
E-Mail: biblio-eac@unr.edu.ar